PRINCIPLES OF LEGISLATIVE AND REGULATORY DRAFTING (Record no. 161929)
[ view plain ]
| 000 -LEADER | |
|---|---|
| fixed length control field | 00278nam a2200121Ia 4500 |
| 003 - CONTROL NUMBER IDENTIFIER | |
| control field | OSt |
| 005 - DATE AND TIME OF LATEST TRANSACTION | |
| control field | 20260206094942.0 |
| 040 ## - CATALOGING SOURCE | |
| Transcribing agency | LCC |
| 050 ## - LIBRARY OF CONGRESS CALL NUMBER | |
| Classification number | K 3320 .D73 M325 2009 |
| 100 ## - MAIN ENTRY--PERSONAL NAME | |
| Personal name | MCLEOD, IAN |
| 245 #0 - TITLE STATEMENT | |
| Title | PRINCIPLES OF LEGISLATIVE AND REGULATORY DRAFTING |
| 942 ## - ADDED ENTRY ELEMENTS (KOHA) | |
| Koha item type | Long Loan Book |
| Source of classification or shelving scheme | Library of Congress Classification |
| Withdrawn status | Lost status | Source of classification or shelving scheme | Damaged status | Not for loan | Collection | Home library | Current library | Shelving location | Date acquired | Inventory number | Total checkouts | Full call number | Barcode | Date last seen | Copy number | Price effective from | Koha item type | Date last checked out |
|---|---|---|---|---|---|---|---|---|---|---|---|---|---|---|---|---|---|---|
| Library of Congress Classification | Law | Kisii University Library | Kisii University Library | On Display | 11/30/2023 | 31072 | K 3320 .D73M325 2009 | 000000001727 | 11/30/2023 | C.2 | 11/30/2023 | Long Loan Book | ||||||
| Library of Congress Classification | Law | Kisii University Library | Kisii University Library | On Display | 12/07/2023 | 31074 | K 3320 .D73 M325 2009 | 022989 | 12/07/2023 | 4 | 12/07/2023 | Long Loan Book | ||||||
| Library of Congress Classification | Law | Kisii University Library | Kisii University Library | On Display | 12/07/2023 | 31073 | K 3320 .D73 M325 2009 | 022990 | 12/07/2023 | 3 | 12/07/2023 | Long Loan Book | ||||||
| Library of Congress Classification | Law | Kisii University Library | Kisii University Library | On Display | 12/07/2023 | 31075 | 1 | K 3320 .D73 M325 2009 | 022988 | 03/18/2024 | 5 | 12/07/2023 | Long Loan Book | 03/04/2024 | ||||
| Library of Congress Classification | Law | Kisii University Library | Kisii University Library | On Display | 02/24/2026 | 112049 | K 3320 .D73 M325 2009 | A001360 | 02/24/2026 | 6 | 02/24/2026 | Long Loan Book | ||||||
| Library of Congress Classification | Law | Kisii University Library | Kisii University Library | On Display | 02/24/2026 | 112050 | K 3320 .D73 M325 2009 | A001359 | 02/24/2026 | 7 | 02/24/2026 | Long Loan Book | ||||||
| Library of Congress Classification | Law | Kisii University Library | Kisii University Library | On Display | 02/24/2026 | 112051 | K 3320 .D73 M325 2009 | A001358 | 02/24/2026 | 8 | 02/24/2026 | Long Loan Book | ||||||
| Library of Congress Classification | Law | Kisii University Library | Kisii University Library | On Display | 02/24/2026 | 112052 | K 3320 .D73 M325 2009 | A001357 | 02/24/2026 | 9 | 02/24/2026 | Long Loan Book | ||||||
| Library of Congress Classification | Law | Kisii University Library | Kisii University Library | On Display | 02/24/2026 | 112053 | K 3320 .D73 M325 2009 | A001361 | 02/24/2026 | 10 | 02/24/2026 | Long Loan Book |